| 000 | 00632nam a2200217 a 4500 | ||
|---|---|---|---|
| 005 | 20160107103515.0 | ||
| 008 | 160107b xxu||||| |||| 00| 0 spa d | ||
| 040 |
_aCO-BoIAVH _cCO-BoIAVH |
||
| 041 | _aspa | ||
| 082 |
_a581.722 _bU58e |
||
| 100 | 1 |
_aAgudelo Henao, Carlos Alberto _91556 |
|
| 245 | 1 | _aEstudio florístico y climático del cañón Quindío | |
| 260 |
_aArmenia _bUniversidad del Quindío _c1993 |
||
| 300 | _a81 paginas | ||
| 650 | 6 |
_aVegetación _948055 |
|
| 650 | 6 |
_aInventarios _948056 |
|
| 650 | 6 |
_aClima _948057 |
|
| 662 |
_aColombia _bQuindío |
||
| 700 |
_aQuintero Duque, Nelson _948058 |
||
| 942 |
_cLIBRO _2ddc |
||
| 999 |
_c410 _d410 |
||